animaux aquatiques - Statistiques

Statistiques générales
  • Ce quiz a été pris 114 fois
  • Le résultat moyen est 13 sur 16
Statistiques - réponses
Par images Réponse % Correct
hippocampe
100%
raie
99%
baleine
98%
poulpe
98%
orque
97%
phoque
96%
otarie
94%
calamar
92%
Benard l'ermite
89%
beluga
88%
requin-baleine
85%
axolotl
80%
lamantin
69%
poisson Lune
62%
requin leopard
35%
clione
6%
Aucun quiz correspondant
Distribution des résultats
% des personnes avec chaque résultat
Percentile par nombre de réponses
Votre historique - résultats
Vous n’avez pas pris ce quiz